| 000 | 00616nam a22001937a 4500 | ||
|---|---|---|---|
| 005 | 20251108164034.0 | ||
| 008 | 250721s1993 xx 000 0 ara d | ||
| 082 | 1 | 4 | _a216,532/دوي |
| 100 | 1 | _aالدويبي، عبد السلام | |
| 245 | 1 | 0 |
_aالإسلام و الطفل : _bملامح رعاية و تربية الطفل في الإسلام / |
| 264 | 1 |
_aنيقوسيا : _bدار الملتقى، _c1993. |
|
| 300 | _a188ص | ||
| 650 | 1 | 7 | _aالإسلام |
| 650 | 1 | 7 | _aالفقه |
| 650 | 1 | 7 | _aقانون الأحوال الشخصية |
| 650 | 1 | 7 | _aالأطفال |
| 942 |
_2ddc _cBK |
||
| 999 |
_c2055 _d2055 |
||